000 006230000a22001810004500
090 _aAR
_b01917
245 1 0 _aElementos para una política de investigación sobre la Amazonia colombiana comité de investigación de Amazonia asesor de Colciencias
650 1 4 _aAreas de investigación
_995375
650 1 4 _aAmazonia
_9135
650 1 4 _aRecursos naturales
_992719
650 1 4 _aProblemas ambientales
_914279
651 4 _pColombia
_992749
041 0 _aEspañol
700 1 _aGranados, Jorge
_995376
100 1 _aInfante, Miguel
_995377
942 _cARTICULO
773 1 _tColombia Ciencia y Tecnología
_3570
_q49-63
_d1990?
999 _c10994
_d10994